000 00602nam a2200169 i 4500
001 36918
003 ES-MaACL
005 20230906155452.0
007 t|
008 030219s1885 it ||||1| ita d
100 1 _aBrunengo, Giuseppe.
_9126202
245 1 2 _aL' impero di Babilonia e di Ninive dalle origini fino alla conquista di Ciro descritto secondo i monumenti cuneiformi comparati colla Bibbia /
_cdal p. Giuseppe Brunengo.
260 _aPrato :
_b[s.n.],
_c1885 (
_fTip. Grachetti Figlio)
300 _a2 v. ;
_c22 cm.
651 4 _aMesopotamia-
_xHistoria.
_99056
852 _aES-MaACL
_jG-14403-4
999 _c36918
_d36918